Nejúčinnější propagace : Public Relations

Guardado en:
Detalles Bibliográficos
Autor principal: Black, Sam (Autor)
Formato: Libro
Lenguaje:checo
Publicado: Praha : Grada Publishing, 1994
Edición:1.vyd.
Materias:
Etiquetas: Agregar Etiqueta
Sin Etiquetas, Sea el primero en etiquetar este registro!

MARC

LEADER 00000nam a22000003a 4500
001 stu32608
005 20190206132403.5
008 951114s1994----xr------------------cze-d
020 |a 80-7169-106-2 
040 |a STU  |b slo 
041 0 |a cze 
044 |a xr 
080 |a 659 
100 1 |a Black, Sam  |4 aut 
245 1 |a Nejúčinnější propagace :  |b Public Relations 
250 |a 1.vyd. 
260 |a Praha :  |b Grada Publishing,  |c 1994 
300 |a 203 s 
500 |a Z anglického originálu The Essentials of Public Relations preložila Dana Janišová. 
650 7 |a propagácia  |2 stusub 
650 7 |a vzťahy k verejnosti  |2 stusub 
650 7 |a Public Relations  |2 estusub 
996 |b 284J030382  |c J*91639  |l JJSK  |s A  |a 24  |w stu32608_0001